[Event "48.C.to  di Cat.Mag. Semif. ITA"]
[Site "Milano ITA"]
[Date "1988.02.20"]
[Round "8.9"]
[White "Ricci, Marco"]
[Black "Micalizzi, Giovanni"]
[Result "1-0"]
[WhiteElo "2022"]
[BlackElo "2068"]
[Annotator "Gabriele Ballarin"]
[PlyCount "62"]
[EventDate "1988.02.13"]
[EventType "tourn"]
[EventRounds "9"]
[EventCountry "ITA"]

1. e4 c5 2. Nf3 Nc6 3. d4 cxd4 4. Nxd4 g6 5. c4 Bg7 6. Be3 b6 7. Nxc6 dxc6 8. Qc2 Nf6 9. Nc3 O-O 10. Rd1 Qc7 11. h3 Nh5 12. Be2 Nf4 13. Bf3 e5 14. b4 Ne6 15. Ne2 f5 16. g4 f4 17. Bc1 Ng5 18. Ng1 Be6 19. Be2 Qe7 20. Bd2 a5 21. bxa5 bxa5 22. Nf3 Nxf3+ 23. Bxf3 Qc5 24. Be2 Rad8 25. O-O f3 26. Be3 Qe7 27. Bd3 Qh4 28. Rfe1 Qxh3 29. Bf1 Qxg4+ 30. Kh2 Qh4+ 31. Kg1 Bh3 $138 1-0

[Event "48.C.to  di Cat.Mag. Semif. ITA"]
[Site "Milano ITA"]
[Date "1988.02.20"]
[Round "8.10"]
[White "Rizzo, Giovanbattista"]
[Black "Sottani, Paolo"]
[Result "0-1"]
[WhiteElo "2054"]
[BlackElo "1900"]
[Annotator "Gabriele Ballarin"]
[PlyCount "76"]
[EventDate "1988.02.13"]
[EventType "tourn"]
[EventRounds "9"]
[EventCountry "ITA"]

1. e4 c5 2. Nf3 e6 3. d4 cxd4 4. Nxd4 Nc6 5. Nb5 d6 6. c4 Nf6 7. N1c3 a6 8. Na3 b6 9. Be3 Bb7 10. Be2 Nb8 11. f3 Nbd7 12. O-O Be7 13. Rc1 Rc8 14. Nab1 Qc7 15. Qe1 Qb8 16. Qf2 Bd8 17. Rfd1 O-O 18. Bf4 Bc7 19. g4 Rfe8 20. Be3 Kh8 21. g5 Ng8 22. f4 Nc5 23. Nd2 Ne7 24. b4 Nd7 25. Nf1 f6 26. h4 fxg5 27. hxg5 Rf8 28. Bg4 d5 29. Bxe6 Bxf4 30. Bxd7 Qe5 31. Qg2 Rxc4 32. Ne2 Bxe3+ 33. Nxe3 Rxe4 34. Ng4 Rxg4 35. Qxg4 Qe3+ 36. Kg2 d4+ 37. Bc6 Nxc6 38. Ng3 Ne5+ 0-1

[Event "48.C.to  di Cat.Mag. Semif. ITA"]
[Site "Milano ITA"]
[Date "1988.02.20"]
[Round "8.11"]
[White "Capurro, Giuliano"]
[Black "Quinto, Gianni"]
[Result "0-1"]
[WhiteElo "1976"]
[BlackElo "2085"]
[Annotator "Gabriele Ballarin"]
[PlyCount "74"]
[EventDate "1988.02.13"]
[EventType "tourn"]
[EventRounds "9"]
[EventCountry "ITA"]

1. d4 Nf6 2. c4 c5 3. d5 e6 4. dxe6 fxe6 5. Nf3 Be7 6. Nc3 O-O 7. e4 Nc6 8. Be2 d6 9. O-O b6 10. h3 Bb7 11. Ng5 Qd7 12. f4 h6 13. Nf3 Rad8 14. Be3 Qe8 15. a3 Nd7 16. Nh2 Nd4 17. Bh5 g6 18. Bg4 Bf6 19. Qd3 Bg7 20. Bxd4 cxd4 21. Nb5 Ne5 22. Qd1 h5 23. Be2 a6 24. Nxd4 Bxe4 25. b4 Nd3 26. Nhf3 Nxf4 27. Ra2 e5 28. Nb3 Qc6 29. Kh2 Rd7 30. Rd2 Bh6 31. Nxe5 dxe5 32. Rxd7 Bf5 33. Rd5 Be4 34. Bf3 Bxd5 35. cxd5 Qd6 36. g3 e4 37. Bxe4 Qe5 0-1

[Event "48.C.to  di Cat.Mag. Semif. ITA"]
[Site "Milano ITA"]
[Date "1988.02.20"]
[Round "8.12"]
[White "Altini, Daniele"]
[Black "Tirabassi, Maurizio"]
[Result "0-1"]
[WhiteElo "2020"]
[BlackElo "2211"]
[Annotator "3h 40'"]
[PlyCount "62"]
[EventDate "1988.02.13"]
[EventType "tourn"]
[EventRounds "9"]
[EventCountry "ITA"]

1. e4 c5 2. Nf3 e6 3. d4 cxd4 4. Nxd4 Nf6 5. Nc3 d6 6. Bc4 Be7 7. Bb3 a6 8. Be3 Nc6 9. Qe2 O-O 10. O-O-O Qc7 11. g4 Nxd4 12. Rxd4 b5 13. g5 Nd7 14. f4 Nc5 15. Rg1 Re8 16. Rg3 Rb8 17. Kb1 Bd7 18. Rh3 g6 19. Rd3 Nxd3 20. Qxd3 b4 21. Bd4 bxc3 22. Rxh7 e5 23. f5 Rxb3 24. Qh3 Rxb2+ 25. Kc1 Rb1+ 26. Kxb1 Qb7+ 27. Kc1 Qb2+ 28. Kd1 Qb1+ 29. Ke2 Qxc2+ 30. Kf3 Qxe4+ 31. Kg3 Qd3+ 0-1

[Event "48.C.to  di Cat.Mag. Semif. ITA"]
[Site "Milano ITA"]
[Date "1988.02.20"]
[Round "8.13"]
[White "Montani, Francesco"]
[Black "Ratti, Ruggero"]
[Result "1/2-1/2"]
[WhiteElo "1979"]
[BlackElo "2291"]
[Annotator "Gabriele Ballarin"]
[PlyCount "64"]
[EventDate "1988.02.13"]
[EventType "tourn"]
[EventRounds "9"]
[EventCountry "ITA"]

1. e4 c5 2. Nf3 e6 3. d4 cxd4 4. Nxd4 Nf6 5. Bd3 Nc6 6. Nxc6 dxc6 7. f4 e5 8. f5 Nxe4 9. Qe2 Bxf5 10. O-O Bg6 11. Kh1 Qh4 12. Bf4 exf4 13. Bxe4 O-O-O 14. Bf3 Qe7 15. Qf2 Qe3 16. Qh4 Be7 17. Qh3+ Qe6 18. Bg4 f5 19. Bf3 Bf6 20. c3 Rhe8 21. Na3 Rd2 22. b3 Rd3 23. Nc4 Bf7 24. g3 g5 25. Rae1 Qxe1 26. Qxf5+ Qe6 27. Qxd3 Rd8 28. Qxh7 Kc7 29. gxf4 gxf4 30. Qh6 Qf5 31. Bg2 Bg5 32. Qg7 Re8 1/2-1/2

[Event "48.C.to  di Cat.Mag. Semif. ITA"]
[Site "Milano ITA"]
[Date "1988.02.20"]
[Round "8.14"]
[White "Brovelli, Claudio"]
[Black "Caposciutti, Maurizio"]
[Result "0-1"]
[WhiteElo "2017"]
[BlackElo "2181"]
[Annotator "Gabriele Ballarin"]
[PlyCount "52"]
[EventDate "1988.02.13"]
[EventType "tourn"]
[EventRounds "9"]
[EventCountry "ITA"]

1. d4 Nf6 2. Nf3 c5 3. d5 g6 4. c4 Bg7 5. Nc3 O-O 6. g3 d6 7. Bg2 e6 8. O-O exd5 9. cxd5 Re8 10. Nd2 a6 11. a4 Nbd7 12. h3 Rb8 13. Nc4 Nb6 14. Na3 Bd7 15. g4 Qc7 16. Bf4 Nc8 17. Qd3 h5 18. g5 Nh7 19. a5 h4 20. e4 Qxa5 21. Nc4 Qc7 22. Ne3 b5 23. Qd2 a5 24. Bf3 Bxh3 25. Ng2 Be5 26. Bxe5 Rxe5 0-1

[Event "48.C.to  di Cat.Mag. Semif. ITA"]
[Site "Milano ITA"]
[Date "1988.02.20"]
[Round "8.15"]
[White "Biondi, Gualtiero"]
[Black "Braunberger, Federico"]
[Result "1-0"]
[WhiteElo "1973"]
[BlackElo "2060"]
[Annotator "Gabriele Ballarin"]
[PlyCount "57"]
[EventDate "1988.02.13"]
[EventType "tourn"]
[EventRounds "9"]
[EventCountry "ITA"]

1. e4 e6 2. d4 d5 3. Nd2 c5 4. c3 Nc6 5. Ngf3 cxd4 6. cxd4 Qb6 7. e5 Bd7 8. Nb3 a5 9. Be2 a4 10. Nc5 Bxc5 11. dxc5 Qxc5 12. O-O Nge7 13. Be3 Qa5 14. Rc1 Ng6 15. Bc5 b6 16. Bd6 Nge7 17. Bd3 Nc8 18. Ba3 h6 19. Re1 N8e7 20. h4 Rc8 21. h5 Na7 22. Nd4 Rxc1 23. Qxc1 Nec6 24. Nxc6 Nxc6 25. Bd6 Nd4 26. Re3 Nb5 27. Bxb5 Qxb5 28. Rc3 Qa6 29. Rc7 1-0

[Event "48.C.to  di Cat.Mag. Semif. ITA"]
[Site "Milano ITA"]
[Date "1988.02.20"]
[Round "8.16"]
[White "Marinelli, Tullio"]
[Black "Sarno, Spartaco"]
[Result "1/2-1/2"]
[WhiteElo "2153"]
[BlackElo "2245"]
[Annotator "Gabriele Ballarin"]
[PlyCount "55"]
[EventDate "1988.02.13"]
[EventType "tourn"]
[EventRounds "9"]
[EventCountry "ITA"]

1. d4 Nf6 2. c4 g6 3. Nc3 Bg7 4. e4 d6 5. f3 O-O 6. Be3 Nc6 7. Nge2 a6 8. Qd2 Rb8 9. Nc1 e5 10. d5 Nd4 11. Nb3 c5 12. dxc6 Nxb3 13. c7 Qxc7 14. axb3 Be6 15. Be2 b5 16. Nd5 Nxd5 17. cxd5 Bc8 18. Rc1 Qd8 19. O-O Bb7 20. Qb4 Qe7 21. Rc3 Rfc8 22. Rfc1 Qd8 23. Ba7 Ra8 24. Rxc8 Rxc8 25. Rxc8 Bxc8 26. Qc3 Bb7 27. Qe3 Bf6 28. Qb6 1/2-1/2

[Event "48.C.to  di Cat.Mag. Semif. ITA"]
[Site "Milano ITA"]
[Date "1988.02.20"]
[Round "8.17"]
[White "Caizzone, Vito"]
[Black "Lagrotteria, Salvatore"]
[Result "1-0"]
[WhiteElo "2180"]
[BlackElo "2068"]
[Annotator "Gabriele Ballarin"]
[PlyCount "55"]
[EventDate "1988.02.13"]
[EventType "tourn"]
[EventRounds "9"]
[EventCountry "ITA"]

1. Nc3 d5 2. d4 Nf6 3. Nf3 e6 4. Bg5 Be7 5. Ne5 Nbd7 6. f4 Nxe5 7. fxe5 Ne4 8. Bxe7 Qxe7 9. Nxe4 dxe4 10. c3 O-O 11. Qc2 Qh4+ 12. g3 Qg4 13. Bg2 e3 14. Rf1 c5 15. O-O-O Bd7 16. Rf4 Qg5 17. dxc5 Be8 18. Bxb7 Rb8 19. Qe4 Qe7 20. c6 Qc5 21. Qd4 Qb5 22. c4 Qa4 23. c7 Qxa2 24. cxb8=Q Qa1+ 25. Kc2 Ba4+ 26. Kc3 Qa2 27. Qxf8+ Kxf8 28. Qd6+ 1-0

[Event "48.C.to  di Cat.Mag. Semif. ITA"]
[Site "Milano ITA"]
[Date "1988.02.20"]
[Round "8.18"]
[White "Castiglioni, Ferruccio"]
[Black "Visentin, Claudio"]
[Result "0-1"]
[WhiteElo "2030"]
[BlackElo "2017"]
[Annotator "Gabriele Ballarin"]
[PlyCount "32"]
[EventDate "1988.02.13"]
[EventType "tourn"]
[EventRounds "9"]
[EventCountry "ITA"]

1. c4 g6 2. Nc3 Bg7 3. d4 Nf6 4. g3 O-O 5. Bg2 c6 6. e4 d6 7. Nf3 Nbd7 8. O-O e5 9. h3 Qb6 10. Re1 exd4 11. Nxd4 Ne8 12. Nc2 Ne5 13. Bf1 Be6 14. Ne3 f5 15. Na4 Qa5 16. Bd2 Qxd2 0-1

[Event "48.C.to  di Cat.Mag. Semif. ITA"]
[Site "Milano ITA"]
[Date "1988.02.21"]
[Round "9.1"]
[White "Paglietti, Nicola"]
[Black "Altini, Daniele"]
[Result "1-0"]
[WhiteElo "2174"]
[BlackElo "2020"]
[Annotator "Gabriele Ballarin"]
[PlyCount "143"]
[EventDate "1988.02.13"]
[EventType "tourn"]
[EventRounds "9"]
[EventCountry "ITA"]

1. e4 c5 2. Nf3 e6 3. d4 cxd4 4. Nxd4 Nc6 5. Nb5 d6 6. c4 Nf6 7. N1c3 a6 8. Na3 Be7 9. Be2 O-O 10. Be3 b6 11. O-O Rb8 12. f4 Bb7 13. Bf3 Re8 14. Qe2 Qc7 15. Rac1 Nd7 16. Nd5 Qd8 17. Nxe7+ Qxe7 18. Rfd1 Rbd8 $138 19. Qd2 Qf6 20. Nb1 Qg6 21. Nc3 Nc5 22. b4 Nxb4 23. Rb1 Nc6 24. Rxb6 Qf6 25. Qb2 Ba8 26. e5 Nxe5 27. fxe5 Qxe5 28. Bd4 Qf4 29. Bxa8 Rxa8 30. Qf2 Qg4 31. Bxc5 Qxc4 32. Qd4 Qxc5 33. Qxc5 dxc5 34. Rd7 Reb8 35. Rxb8+ Rxb8 36. Rc7 Kf8 37. Rxc5 Ke7 38. Rc7+ Kf6 39. Rc6 a5 40. Rc5 Ra8 41. Kf2 e5 42. Ke3 Ke6 43. Kd3 h5 44. Kc4 g5 45. Nd5 Kf5 46. Rc6 Ke4 47. Nf6+ Kf5 48. Nxh5 Rh8 49. h3 g4 50. Ng7+ Ke4 51. hxg4 Rh2 52. Kb3 Rxg2 53. Ne8 a4+ 54. Ka3 Kd5 55. Rc1 Rg3+ 56. Kxa4 Rxg4+ 57. Kb5 Rg2 58. Rd1+ Ke4 59. a4 Rb2+ 60. Kc4 Kf5 61. Nd6+ Ke6 62. Nb5 e4 63. Ra1 Kd7 64. a5 Rc2+ 65. Kd5 e3 66. a6 e2 67. a7 Rd2+ 68. Kc5 Rd1 69. a8=Q e1=Q 70. Qc6+ Ke7 71. Ra7+ Kf8 72. Qh6+ 1-0

[Event "48.C.to  di Cat.Mag. Semif. ITA"]
[Site "Milano ITA"]
[Date "1988.02.21"]
[Round "9.2"]
[White "Valenti, Giuseppe"]
[Black "Montani, Francesco"]
[Result "1/2-1/2"]
[WhiteElo "2245"]
[BlackElo "1979"]
[Annotator "Gabriele Ballarin"]
[PlyCount "130"]
[EventDate "1988.02.13"]
[EventType "tourn"]
[EventRounds "9"]
[EventCountry "ITA"]

1. e4 c5 2. Nf3 e6 3. d4 cxd4 4. Nxd4 a6 5. Nc3 Qc7 6. Be2 b5 7. Bf3 Bb7 8. O-O d6 9. Re1 Nd7 10. a4 bxa4 11. Rxa4 Ngf6 12. Bg5 Be7 13. Nb3 Ne5 14. Be2 O-O 15. Na5 h6 16. Nxb7 hxg5 17. Na5 d5 18. exd5 Rfd8 19. Bf3 g4 20. Be4 exd5 21. Nxd5 Nxd5 22. Bxd5 Rab8 23. Nb3 Rb6 24. Rae4 Bf6 25. c4 Rb4 26. c5 Rxe4 27. Rxe4 Qd7 28. Rd4 Nf3+ 29. Bxf3 Bxd4 30. Bxg4 Qa4 31. Nxd4 Qxd1+ 32. Bxd1 Rxd4 33. Be2 Rd2 34. Bxa6 Rxb2 35. g3 Rc2 36. Kg2 Rxc5 37. Bd3 f6 38. Be4 Kf7 39. Bd3 Ke6 40. Be4 Ke5 41. Bg6 Ra5 42. h4 Ra2 43. Bh7 Kd4 44. Kf3 Ra3+ 45. Kg4 Ke5 46. Bg6 Ra2 47. f3 Ra4+ 48. f4+ Kd4 49. Kf5 Ke3 50. Be8 Ra8 51. Bh5 Kf2 52. g4 Kg3 53. Kg6 Ra7 54. g5 f5 55. Kxf5 Kxh4 56. Be8 Ra6 57. Bf7 Kg3 58. Be8 Kf3 59. Bh5+ Ke3 60. Bf7 Kd4 61. Be8 Rd6 62. Bh5 Kc5 63. Bf7 Kc6 64. Ke5 Kd7 65. f5 Ke7 1/2-1/2

[Event "48.C.to  di Cat.Mag. Semif. ITA"]
[Site "Milano ITA"]
[Date "1988.02.21"]
[Round "9.3"]
[White "Brovelli, Claudio"]
[Black "Facchetti, Giovanni"]
[Result "1-0"]
[WhiteElo "2017"]
[BlackElo "2106"]
[Annotator "Gabriele Ballarin"]
[PlyCount "128"]
[EventDate "1988.02.13"]
[EventType "tourn"]
[EventRounds "9"]
[EventCountry "ITA"]

1. c4 Nf6 2. Nc3 e5 3. Nf3 d6 4. d4 Nbd7 5. Bg5 Be7 6. e3 O-O 7. Bd3 h6 8. Bh4 c6 9. Qc2 Re8 10. O-O-O Qa5 11. Kb1 a6 12. Qd2 Bd8 13. Qc2 b5 14. Nd2 b4 15. Ne2 Nf8 16. h3 Bb7 17. Bg3 Bc7 18. c5 d5 19. Nb3 Qa4 20. Bxe5 Bxe5 21. dxe5 Rxe5 22. Ned4 a5 23. Qe2 Ne6 24. Bb5 Nxd4 25. Nxd4 cxb5 26. b3 Ne4 27. Rd3 Qa3 28. Nc2 Nxc5 29. Nxa3 bxa3 30. Rc1 Nxd3 31. Qxd3 b4 32. Rc7 Ba6 33. Qd4 Rae8 34. Kc2 Bc8 35. Kd2 Bf5 36. Rc1 Be4 37. g3 R5e6 38. Ke1 R8e7 39. Qd2 Rd7 40. Kf1 Red6 41. Qd4 Rb7 42. Qc5 Rdd7 43. Qxa5 Kh7 44. Qc5 Kg6 45. Ke2 Kh7 46. g4 g5 47. f3 Bg6 48. Kf2 Kg8 49. Kg3 f6 50. Qd4 Rd6 51. Rc5 Bf7 52. h4 Rdb6 53. hxg5 hxg5 54. Rc8+ Kg7 55. f4 Kg6 56. fxg5 fxg5 57. Qh8 Re6 58. Qh5+ Kf6 59. Qh6+ Bg6 60. Rg8 Ke5 61. Rxg6 Rxg6 62. Qxg6 Rc7 63. Qxg5+ Ke6 64. Qf5+ Ke7 1-0

[Event "48.C.to  di Cat.Mag. Semif. ITA"]
[Site "Milano ITA"]
[Date "1988.02.21"]
[Round "9.4"]
[White "Martorelli, Antonio"]
[Black "Sarno, Spartaco"]
[Result "1-0"]
[WhiteElo "2235"]
[BlackElo "2245"]
[Annotator "Gabriele Ballarin"]
[PlyCount "117"]
[EventDate "1988.02.13"]
[EventType "tourn"]
[EventRounds "9"]
[EventCountry "ITA"]

1. e4 e5 2. Nf3 Nf6 3. Nc3 Nc6 4. Bb5 Bb4 5. O-O O-O 6. Bxc6 dxc6 7. d3 Nd7 8. Ng5 Bd6 9. Kh1 Qe7 10. Qh5 h6 11. Nh3 Nf6 12. Qh4 Nh7 13. Qxe7 Bxe7 14. Ng1 Ng5 15. Bxg5 Bxg5 16. Nf3 Bf6 17. h3 Be6 18. a4 g6 19. a5 Bg7 20. Rfe1 Rad8 21. a6 b6 22. Kg1 Rd7 23. Ne2 c5 24. b3 c6 25. Nc3 Rb8 26. Nd2 b5 27. Kf1 Bf8 28. Ke2 Rbd8 29. Nd1 h5 30. Ne3 Bg7 31. Nf3 Re7 32. Ra5 f6 33. c4 Rb8 34. Rc1 Rc7 35. cxb5 cxb5 36. d4 exd4 37. Nxd4 Bc4+ 38. bxc4 cxd4 39. Nd5 Rxc4 40. Rxb5 Rxb5 41. Rxc4 Ra5 42. Ne7+ Kh7 43. Rc6 f5 44. exf5 Re5+ 45. Kd3 gxf5 46. Rc7 Ra5 47. Rxa7 Ra3+ 48. Kc4 Bf8 49. Nxf5+ Kg6 50. Nxd4 Ra4+ 51. Kd5 Ra5+ 52. Ke4 Ra4 53. Kd5 Ra5+ 54. Ke6 Ra2 55. Ra8 Bc5 56. Kd5 Bb6 57. Nc6 Rxf2 58. a7 Kh7 59. Rh8+ 1-0

[Event "48.C.to  di Cat.Mag. Semif. ITA"]
[Site "Milano ITA"]
[Date "1988.02.21"]
[Round "9.5"]
[White "Mantovani, Renzo"]
[Black "Marinelli, Tullio"]
[Result "1-0"]
[WhiteElo "2410"]
[BlackElo "2153"]
[Annotator "Gabriele Ballarin"]
[PlyCount "73"]
[EventDate "1988.02.13"]
[EventType "tourn"]
[EventRounds "9"]
[EventCountry "ITA"]

1. e4 c5 2. Nf3 d6 3. d4 cxd4 4. Nxd4 Nf6 5. Nc3 a6 6. Bc4 e6 7. Be3 b5 8. Bb3 Qc7 9. f3 Nbd7 10. Qe2 Nc5 11. g4 Bb7 12. O-O-O O-O-O 13. Kb1 Nfd7 14. Bg5 Re8 15. h4 Nb6 16. Qf2 Kb8 17. Be3 Rc8 18. a3 Nc4 19. Bxc4 bxc4 20. Nde2 Ka8 21. Rd4 Nd7 22. Rhd1 Rb8 23. Ka1 Be7 24. g5 Rhc8 25. Nc1 Qa5 26. N1a2 Rc7 27. Qe1 Rcc8 28. Bf2 Qc7 29. Bg3 e5 30. R4d2 Qb6 31. Bf2 Nc5 32. Na4 Qb5 33. N2c3 Qa5 34. Nxc5 d5 35. Nxb7 Rxb7 36. Rxd5 Qc7 37. Rd7 1-0

[Event "48.C.to  di Cat.Mag. Semif. ITA"]
[Site "Milano ITA"]
[Date "1988.02.21"]
[Round "9.6"]
[White "Quinto, Gianni"]
[Black "Castiglioni, Ferruccio"]
[Result "1-0"]
[WhiteElo "2085"]
[BlackElo "2030"]
[Annotator "Gabriele Ballarin"]
[PlyCount "73"]
[EventDate "1988.02.13"]
[EventType "tourn"]
[EventRounds "9"]
[EventCountry "ITA"]

1. d4 d5 2. Nf3 Nf6 3. c4 c6 4. cxd5 cxd5 5. Nc3 Nc6 6. Bf4 Bf5 7. e3 e6 8. Bb5 Bb4 9. Qa4 O-O 10. Bxc6 Bxc3+ 11. bxc3 bxc6 12. O-O c5 13. dxc5 Ne4 14. Nd4 Nxc5 15. Qa3 Qb6 16. Nxf5 exf5 17. Rfd1 Qc6 18. c4 Rfd8 19. Qa5 Nb7 20. Qb5 Qxb5 21. cxb5 Rac8 22. Be5 Na5 23. Bd4 Rd7 24. Rdc1 Rdc7 25. Rxc7 Rxc7 26. b6 Rc8 27. bxa7 Nc6 28. Rb1 Ra8 29. Kf1 h6 30. Rb7 f6 31. Ke2 Kh7 32. Kd3 Ne5+ 33. Kc3 Nc6 34. Rc7 Na5 35. Kb4 Nc4 36. Rb7 Ne5 37. Kb5 1-0

[Event "48.C.to  di Cat.Mag. Semif. ITA"]
[Site "Milano ITA"]
[Date "1988.02.21"]
[Round "9.7"]
[White "Calvenzani, Oscar"]
[Black "Ricci, Marco"]
[Result "1-0"]
[WhiteElo "1986"]
[BlackElo "2022"]
[Annotator "Gabriele Ballarin"]
[PlyCount "85"]
[EventDate "1988.02.13"]
[EventType "tourn"]
[EventRounds "9"]
[EventCountry "ITA"]

1. e4 e6 2. d4 d5 3. Nc3 Nf6 4. Bg5 Be7 5. e5 Nfd7 6. Bxe7 Qxe7 7. f4 c5 8. Nb5 cxd4 9. Nc7+ Kd8 10. Nxa8 Qb4+ 11. Qd2 Qxb2 12. Rd1 Nc6 13. Nf3 b6 14. Nxd4 Bb7 15. Nxc6+ Bxc6 16. Nxb6 axb6 17. c3 Qa3 18. Be2 Nc5 19. Bd3 Nxd3+ 20. Qxd3 Qxa2 21. O-O Qa5 22. Qg3 Qc5+ 23. Kh1 g6 24. Ra1 Kc7 25. h3 h5 26. Qh4 Rd8 27. Ra7+ Bb7 28. Rxb7+ Kxb7 29. Qxd8 Qxc3 30. Qd7+ Qc7 31. Qxc7+ Kxc7 32. Rc1+ Kb7 33. Kg1 b5 34. Kf2 Kb6 35. Ke3 b4 36. Kd3 Kb5 37. Rc7 Ka4 38. Kc2 b3+ 39. Kb2 Kb4 40. Rc3 h4 41. Rxb3+ Kc4 42. Rb7 Kd3 43. Rxf7 1-0

[Event "48.C.to  di Cat.Mag. Semif. ITA"]
[Site "Milano ITA"]
[Date "1988.02.21"]
[Round "9.8"]
[White "Micalizzi, Giovanni"]
[Black "Capurro, Giuliano"]
[Result "1-0"]
[WhiteElo "2068"]
[BlackElo "1976"]
[Annotator "Gabriele Ballarin"]
[PlyCount "87"]
[EventDate "1988.02.13"]
[EventType "tourn"]
[EventRounds "9"]
[EventCountry "ITA"]

1. e4 e5 2. Nf3 Nf6 3. d4 Nxe4 4. Bd3 d5 5. Nxe5 Nc6 6. Nxc6 bxc6 7. Bxe4 dxe4 8. O-O Be6 9. Nc3 f5 10. f3 Bd6 11. fxe4 fxe4 12. Qh5+ g6 13. Qg5 Qxg5 14. Bxg5 h6 15. Bf6 O-O 16. Nxe4 Bf5 17. Rae1 Rae8 18. Be5 Bxe5 19. dxe5 Kg7 20. Nf6 Rb8 21. b3 a5 22. Rxf5 gxf5 23. Nd7 Rb5 24. c4 Rbb8 25. Nxf8 Rxf8 26. Kf2 Kf7 27. e6+ Ke7 28. Kf3 Rf6 29. Kf4 Rxe6 30. Re5 Kd6 31. Rxa5 c5 32. Ra6+ c6 33. Kxf5 Re2 34. g4 Rxh2 35. Ra7 h5 36. g5 Rf2+ 37. Kg6 h4 38. Rh7 Rxa2 39. Rxh4 Rf2 40. Kh7 Rf7+ 41. Kg8 Rf3 42. g6 Ke7 43. g7 Rg3 44. Kh8 1-0

[Event "48.C.to  di Cat.Mag. Semif. ITA"]
[Site "Milano ITA"]
[Date "1988.02.21"]
[Round "9.9"]
[White "Sani, Valentino"]
[Black "Caizzone, Vito"]
[Result "0-1"]
[WhiteElo "1900"]
[BlackElo "2180"]
[Annotator "Gabriele Ballarin"]
[PlyCount "70"]
[EventDate "1988.02.13"]
[EventType "tourn"]
[EventRounds "9"]
[EventCountry "ITA"]

1. c4 f5 2. Nc3 Nf6 3. g3 e5 4. e3 Nc6 5. Bg2 d6 6. Nge2 g6 7. O-O Bg7 8. d3 Bd7 9. Rb1 Qc8 10. b4 O-O 11. b5 Ne7 12. f4 exf4 13. gxf4 Kh8 14. Bd2 g5 15. fxg5 Ng4 16. d4 Ng6 17. h3 Qd8 18. hxg4 Qxg5 19. gxf5 Nh4 20. Nf4 Rxf5 21. Ne4 Qe7 22. Qe2 Rg8 23. Ng3 Rg5 24. Kh2 Rxg3 25. Kxg3 Be5+ 26. Kh2 Nxg2 27. Qxg2 Qh4+ 28. Kg1 Rxg2+ 29. Nxg2 Qh2+ 30. Kf2 Bh3 31. Ke2 Bxg2 32. Rf2 Qh5+ 33. Kd3 Qg6+ 34. Ke2 Qxb1 35. dxe5 Bh3 0-1

[Event "48.C.to  di Cat.Mag. Semif. ITA"]
[Site "Milano ITA"]
[Date "1988.02.21"]
[Round "9.10"]
[White "Sottani, Paolo"]
[Black "Pernisco, Ermanno"]
[Result "0-1"]
[WhiteElo "1900"]
[BlackElo "2080"]
[Annotator "Gabriele Ballarin"]
[PlyCount "70"]
[EventDate "1988.02.13"]
[EventType "tourn"]
[EventRounds "9"]
[EventCountry "ITA"]

1. e4 g6 2. d4 d6 3. Bg5 Bg7 4. c3 Nf6 5. Nd2 O-O 6. Ngf3 c5 7. dxc5 dxc5 8. Be2 Nc6 9. O-O Qc7 10. Qc2 a6 11. a4 b6 12. Bh4 h6 13. Bg3 Qb7 14. h3 Be6 15. Bc4 Bxc4 16. Nxc4 b5 17. Ne3 Nd7 18. axb5 axb5 19. Rxa8 Rxa8 20. e5 Ncxe5 21. Nxe5 Nxe5 22. Bxe5 Bxe5 23. f4 Bg7 24. f5 g5 25. f6 exf6 26. Nf5 c4 27. Qe2 Rd8 28. Qh5 Rd2 29. Rf2 Qa7 30. Qf3 Bf8 31. Nd4 Qa1+ 32. Rf1 Qxb2 33. h4 b4 34. hxg5 hxg5 35. Qd5 Qxc3 0-1

[Event "48.C.to  di Cat.Mag. Semif. ITA"]
[Site "Milano ITA"]
[Date "1988.02.21"]
[Round "9.11"]
[White "Visentin, Claudio"]
[Black "Lagumina, Giulio"]
[Result "1/2-1/2"]
[WhiteElo "2017"]
[BlackElo "2106"]
[Annotator "Gabriele Ballarin"]
[PlyCount "38"]
[EventDate "1988.02.13"]
[EventType "tourn"]
[EventRounds "9"]
[EventCountry "ITA"]

1. d4 Nf6 2. c4 g6 3. Nc3 Bg7 4. Nf3 O-O 5. e4 d6 6. Be2 e5 7. dxe5 dxe5 8. Qxd8 Rxd8 9. Bg5 Re8 10. Nd5 Nxd5 11. cxd5 c6 12. Bc4 cxd5 13. Bxd5 Na6 14. Ke2 Nc7 15. Bc4 Bg4 16. h3 Bxf3+ 17. gxf3 Ne6 18. Be3 Nf4+ 19. Bxf4 exf4 1/2-1/2

[Event "48.C.to  di Cat.Mag. Semif. ITA"]
[Site "Milano ITA"]
[Date "1988.02.21"]
[Round "9.15"]
[White "Caposciutti, Maurizio"]
[Black "Pantaleoni, Claudio"]
[Result "1/2-1/2"]
[WhiteElo "2181"]
[BlackElo "2080"]
[Annotator "Gabriele Ballarin"]
[PlyCount "26"]
[EventDate "1988.02.13"]
[EventType "tourn"]
[EventRounds "9"]
[EventCountry "ITA"]

1. e4 c5 2. Nf3 d6 3. Nc3 Nf6 4. d4 cxd4 5. Nxd4 g6 6. Be3 Bg7 7. f3 O-O 8. Qd2 Nc6 9. O-O-O d5 10. exd5 Nxd5 11. Nxc6 bxc6 12. Bd4 e5 13. Bc5 Be6 1/2-1/2

[Event "48.C.to  di Cat.Mag. Semif. ITA"]
[Site "Milano ITA"]
[Date "1988.02.21"]
[Round "9.16"]
[White "Lagrotteria, Salvatore"]
[Black "Biondi, Gualtiero"]
[Result "1-0"]
[WhiteElo "2068"]
[BlackElo "1973"]
[Annotator "Gabriele Ballarin"]
[PlyCount "81"]
[EventDate "1988.02.13"]
[EventType "tourn"]
[EventRounds "9"]
[EventCountry "ITA"]

1. e4 d5 2. exd5 Nf6 3. d4 Nxd5 4. c3 e6 5. Nf3 Be7 6. Bd3 O-O 7. O-O Nd7 8. Re1 b6 9. c4 N5f6 10. Nc3 Bb7 11. Bf4 Rc8 12. h3 Re8 13. Re3 Nf8 14. Qa4 a6 15. Rd1 Ng6 16. Be5 Bd6 17. Ng5 Nh5 18. Nge4 f5 19. Bxd6 cxd6 20. Nd2 Qg5 21. d5 e5 22. Qd7 Nh4 23. Bf1 Qe7 24. Qa4 e4 25. Rde1 Ng6 26. Ndxe4 Ne5 27. Nd2 f4 28. R3e2 Rf8 29. Nce4 Rc7 30. Qa3 Qh4 31. Qxd6 f3 32. Qxc7 fxe2 33. Rxe2 Nf4 34. Re3 Rf5 35. Rg3 Neg6 36. Qxb7 Nh5 37. Qc8+ Rf8 38. Qe6+ Kh8 39. Ng5 h6 40. Nf7+ Kh7 41. Qxg6+ 1-0

[Event "48.C.to  di Cat.Mag. Semif. ITA"]
[Site "Milano ITA"]
[Date "1988.02.21"]
[Round "9.17"]
[White "Ratti, Ruggero"]
[Black "Drei, Andrea"]
[Result "1/2-1/2"]
[WhiteElo "2291"]
[BlackElo "2235"]
[Annotator "Gabriele Ballarin"]
[PlyCount "53"]
[EventDate "1988.02.13"]
[EventType "tourn"]
[EventRounds "9"]
[EventCountry "ITA"]

1. Nf3 Nf6 2. c4 g6 3. d4 d6 4. g3 Bg7 5. Bg2 O-O 6. O-O Nc6 7. Nc3 a6 8. b3 Rb8 9. e3 Bd7 10. Qe2 Qc8 11. Bb2 Bg4 12. Qc2 Bh3 13. d5 Bxg2 14. Kxg2 Na7 15. e4 b5 16. cxb5 axb5 17. Rac1 c5 18. dxc6 Qxc6 19. Nd5 Nxd5 20. Qxc6 Nxc6 21. Bxg7 Kxg7 22. Rxc6 Nb4 23. Rc7 Nxa2 24. Rxe7 Kf6 25. Ra7 Nc3 26. Re1 Rfe8 27. Nd2 1/2-1/2